Main Hero/Villain From Every DC Movie - Statistics

General Stats
  • This quiz has been taken 31 times
  • The average score is 59 of 88
Answer Stats
Hint Answer % Correct
Batman: The Movie (Hero): Batman
100%
Batman (Hero): Batman
100%
Batman Returns (Hero): Batman
100%
Batman Forever (Hero): Batman
100%
Batman Begins (Hero): Batman
100%
The Dark Knight (Hero): Batman
100%
The Dark Knight Rises (Hero): Batman
100%
The Batman (Hero): Batman
100%
Batman & Robin (Hero): Batman/Robin
100%
Justice League (Hero): Justice League
100%
Zack Snyder’s Justice League (Hero): Justice League
100%
Superman and the Mole-Men (Hero): Superman
100%
Superman (Hero): Superman
100%
Superman II (Hero): Superman
100%
Superman III (Hero): Superman
100%
Superman IV: The Quest for Peace (Hero): Superman
100%
Superman Returns (Hero): Superman
100%
Man of Steel (Hero): Superman
100%
Batman v Superman: Dawn of Justice (Hero): Superman
100%
Superman (Hero): Superman
100%
Wonder Woman (Hero): Wonder Woman
100%
The New Original Wonder Woman (Hero): Wonder Woman
100%
Wonder Woman (Hero): Wonder Woman
100%
Wonder Woman 1984 (Hero): Wonder Woman
100%
Joker (Hero): Arthur Fleck
96%
Catwoman (Hero): Catwoman
96%
Batman Returns (Villain): Catwoman/Penguin
96%
The Flash (Hero): Flash
96%
Batman (Villain): Joker
96%
The Dark Knight (Villain): Joker
96%
Joker: Folie à Deux (Hero): Joker
96%
Batman: The Movie (Villain): Penguin/Joker/Catwoman/Riddler
96%
Aquaman (Hero): Aquaman
92%
Aquaman and the Lost Kingdom (Hero): Aquaman
92%
Superman II (Villain): General Zod/Lex Luthor
92%
Green Lantern (Hero): Green Lantern
92%
Superman (Villain): Lex Luthor
92%
Superman Returns (Villain): Lex Luthor
92%
Batman v Superman: Dawn of Justice (Villain): Lex Luthor
92%
Superman (Villain): Lex Luthor
92%
The Dark Knight Rises (Villain): Bane
88%
Black Adam (Hero): Black Adam
88%
Suicide Squad (Hero): Deadshot/Harley Quinn
88%
Swamp Thing (Hero): Dr. Alec Holland (Swamp Thing)
88%
The Return of Swamp Thing (Hero): Swamp Thing
88%
Blue Beetle (Hero): Blue Beetle
85%
Bird’s of Prey (Hero): Harley Quinn
85%
Joker: Folie à Deux (Villain): Harley Quinn
85%
Shazam! (Hero): Shazam
85%
Shazam! Fury of the Gods (Hero): Shazam
85%
Batman Forever (Villain): Two-Face/Riddler
85%
The Batman (Villain): Riddler
81%
Batman & Robin (Villain): Mr. Freeze/Poison Ivy
77%
Supergirl (Hero): Supergirl
73%
The Flash (Villain): Dark Flash/General Zod
69%
Man of Steel (Villain): General Zod
69%
Aquaman and the Lost Kingdom (Villain): Black Manta
65%
Batman Begins (Villain): Ra’s Al Ghul/Scarecrow
65%
Wonder Woman (Villain): Ares
62%
Zack Snyder’s Justice League (Villain): Darkseid
58%
Wonder Woman 1984 (Villain): Maxwell Lord/Cheetah
58%
Justice League (Villain): Steppenwolf
54%
Suicide Squad (Villain): Enchantress
46%
The Suicide Squad (Villain): Starro the Conqueror
46%
Aquaman (Villain): King Orm/Ocean Master
35%
Green Lantern (Villain): Parallax
35%
Bird’s of Prey (Villain): Black Mask
31%
The Suicide Squad (Hero): Bloodsport
31%
Watchmen (Hero): Rorschach
19%
Shazam! (Villain): Dr. Sivana
15%
Watchmen (Villain): Ozymandias
15%
Black Adam (Villain): Sabbac
15%
Swamp Thing (Villain): Dr. Anton Arcane
12%
Shazam! Fury of the Gods (Villain): Hesperal/Kalypso
8%
Superman IV: The Quest for Peace (Villain): Nuclear Man
8%
Superman and the Mole-Men (Villain): Luke Benson
4%
The Spirit (Villain): Octopus
4%
Joker (Villain): Society
4%
Blue Beetle (Villain): Victoria Kord
4%
Wonder Woman (Villain): Abner Smith
0%
The New Original Wonder Woman (Villain): Captain Drangel
0%
The Spirit (Hero): Denny Colt
0%
The Return of Swamp Thing (Villain): Dr. Anton Arcane
0%
Justice League of America (Hero): Ice (Tori Olafsdotter)
0%
Catwoman (Villain): Laurel Hedare
0%
Superman III (Villain): Ross Webster
0%
Supergirl (Villain): Selena
0%
Justice League of America (Villain): The Weather Man
0%
No matching quizzes found
Score Distribution
Percent of People with Each Score
Percentile by Number Answered
Your Score History
You have not taken this quiz